000 00831cam a22002893a 4500
001 31057
003 PGUSA
005 20140828083655.0
008 100123s2010||||xxu|||||s|||||000 1 eng d
040 _aPGUSA
_beng
042 _adc
050 4 _aPS
100 1 _aDutton, Louise Elizabeth
245 1 4 _aThe Wishing Moon
_h[electronic resource] /
_cLouise Elizabeth Dutton
260 _bProject Gutenberg,
_c2010
506 _aPublic domain in the USA.
516 _aElectronic text
653 _aRich people -- Fiction
653 _aLove stories
653 _aNew England -- Fiction
653 _aCity and town life -- Fiction
653 _aSocial classes -- Fiction
700 1 _aShinn, Everett,
_d1876-1953
830 0 _aProject Gutenberg
_v31057
856 4 0 _uhttp://www.gutenberg.org/ebooks/31057
942 _cEB
999 _c260312
_d260312